000 00263nam a2200109Ia 4500
008 190216s9999||||xx |||||||||||||| ||und||
100 _aBerkley Gray
245 0 _aConquest In The Under World
260 _bWilco Publishing House
650 _aEnglish
942 _cBK
999 _c12403
_d12403